|
|
|
|
| LEADER |
00000cam a2200000 a 4500 |
| 001 |
UCD4994 |
| 003 |
CL-VaPUC |
| 008 |
160731e20000000sp |||||||||||||||||spa|d |
| 020 |
|
|
|a 8481744824
|
| 082 |
0 |
4 |
|a 362.11
|b COS
|2 21
|
| 100 |
0 |
|
|a Cosialls i Pueyo, Delfí
|e author
|9 588721
|
| 245 |
1 |
0 |
|a Gestión clínica y gerencial de hospitales: servicio de información
|
| 250 |
|
|
|a 1a. ed
|
| 300 |
|
|
|a 197 p
|
| 942 |
|
|
|c BK
|
| 945 |
|
|
|d 20160731 21:25:00
|a arojas
|
| 260 |
|
|
|a Madrid
|b Harcourt
|c 2000
|
| 650 |
|
0 |
|a Hospitales
|9 335788
|
| 650 |
|
0 |
|a Administración de empresas
|9 260833
|
| 650 |
|
0 |
|a Sistemas de información
|9 260286
|
| 650 |
|
0 |
|a Flujo de información
|9 363519
|
| 583 |
|
|
|a last modification
|c 20160731 21:25:00
|k Rodrigo Vera
|
| 999 |
|
|
|c 365772
|d 365770
|